| 000 | 00535nam a2200181Ia 4500 | ||
|---|---|---|---|
| 001 | 3852 | ||
| 005 | 20260306145714.0 | ||
| 008 | 260306t2010||||xx |||||||||||||| ||spa|| | ||
| 041 | _aESP | ||
| 082 |
_a303.62585 _bD45 |
||
| 100 |
_aDegregori, Carlos Iván _eAUT |
||
| 245 | 0 |
_aEl surgimiento de Sendero Luminoso: _bAyacucho 1969-1979. Del movimiento por la gratitud de la enseñanza al inicio de la lucha armada |
|
| 260 | _c2010 | ||
| 300 |
_a267 páginas : _c20 cm. |
||
| 650 | _aGEN | ||
| 654 | _aCHU | ||
| 942 |
_cLIB _dJUS _fJUS _2ddc _n |
||
| 999 |
_c3852 _d3852 |
||